City Name Etymologies #1 - Statistics

General Stats
  • This quiz has been taken 15 times
  • The average score is 5 of 15
Answer Stats
Hint Answer % Correct
A dam on the city Amstel Amsterdam
100%
"The Angels" Los Angeles
92%
"The Peace" La Paz
67%
"January River" Rio de Janeiro
58%
"Lion City" Singapore
58%
"Northern Capital" Beijing
42%
"Fragrant Harbour" Hong Kong
25%
"Black Pool" (apart from Blackpool itself) Dublin
17%
"Ruler of the East" Vladivostok
17%
"The Victorious One" Cairo
0%
"To the city" Istanbul
0%
"Foundation of Peace" Jerusalem
0%
"Fast-Flowing River" London
0%
"Flat Land" Pyongyang
0%
Bottom of the Mountain Slope Tehran
0%
No matching quizzes found
Score Distribution
Percent of People with Each Score
Percentile by Number Answered
Your Score History
You have not taken this quiz